| 000 | 00000nam##2200000za#4500 |
| 001 | 9.607667 |
| 003 | CaOODSP |
| 005 | 20210624213235 |
| 007 | cr ||||||||||| |
| 008 | 150406|1997||||xxc|||||o f|0| 0 fre|d |
| 040 | |aCaOODSP|bfre |
| 043 | |an-cn--- |
| 086 | 1 |aNH18-22/97-113F-PDF |
| 110 | 2 |aSociété canadienne d'hypothèques et de logement. |
| 245 | 10|aExamen de l'évaluation du risque adaptée au site des sols contaminés / |h[ressource électronique] |
| 260 | |aOttawa - Ontario : |bSociété canadienne d'hypothèques et de logement |c[1997]. |
| 300 | |a4p. |
| 490 | 1 |aLe point en recherche et développement; série technique|v97-113 |
| 500 | |aFichier reproduit à partir de l'original polycopié. |
| 590 | |a14-16-Supp|b2014-09-25 |
| 775 | 08|tEvaluation of site-specific risk assessment for contaminated lands |w(CaOODSP)9.580722 |
| 830 | #0|aLe point en recherche et développement; série technique ;|v97-113|w(CaOODSP)9.500900 |
| 856 | 40|ahttp://publications.gc.ca|qPDF|s244 Ko|uhttps://publications.gc.ca/collections/collection_2014/schl-cmhc/NH18-22-97-113-fra.pdf|y97-113 |